Normal view
MARC view
Entry Personal Name
001 - CONTROL NUMBER
- control field: 9864
003 - CONTROL NUMBER IDENTIFIER
- control field: BD-RjUL
005 - DATE AND TIME OF LATEST TRANSACTION
- control field: 20231102110310.0
008 - FIXED-LENGTH DATA ELEMENTS
- fixed length control field: 231102|| aca||aabn | a|a d
040 ## - CATALOGING SOURCE
- Original cataloging agency: BD-RjUL
- Transcribing agency: BD-RjUL
100 ## - HEADING--PERSONAL NAME
- Personal name: Sarwar, Ghulam ;;;سرور، غلام
670 ## - SOURCE DATA FOUND
- Source citation: Work cat.: (BD-RjUL)82231: Sarwar, Ghulam ;;;سرور، غلام, تاريخ زبان فارسى : قسمت نثر / Tārīkh-i Zabān-i Fārsī, qismat-i nas̲r /, 1962